00433 a2200169 450000100060000002000180000604000220002410000160004624000140006224500090007630000080008536200090009365000230010294200070012595201140013299900170024662919 a9788506067390 cAnchieta - Pituba aLloyd, Saci10a2015lpor10a2015 a3170 a2012 4aLiteratura juvenil cBK 00104070a91.1b91.1d2023-11-21l0oLJ 028.5 L793d LLO 201p16191/PITr2023-11-21 18:31:33w2023-11-21yBK c62919d62919